Comuni della Provincia di Bologna - Statistics

Statistiche generali
  • Questo quiz è stato fatto 299 volte
  • Il punteggio medio è 29 su 55
Statistiche sulle risposte
Comune % Corretto
Casalecchio di Reno
88%
Bologna
86%
Imola
86%
San Lazzaro di Savena
81%
Budrio
75%
Sasso Marconi
75%
Castel San Pietro Terme
71%
Zola Predosa
70%
Anzola dell'Emilia
69%
Castel Maggiore
66%
Medicina
66%
San Giovanni in Persiceto
64%
Valsamoggia
63%
Pianoro
62%
Ozzano dell'Emilia
61%
Monghidoro
60%
Vergato
60%
Castenaso
58%
Argelato
57%
Calderara di Reno
57%
Dozza
56%
Marzabotto
56%
Bentivoglio
55%
Granarolo dell'Emilia
53%
Molinella
53%
Monzuno
53%
Castiglione dei Pepoli
52%
Crevalcore
52%
Monterenzio
51%
San Pietro in Casale
50%
Sant'Agata Bolognese
50%
Baricella
49%
Alto Reno Terme
48%
Castel del Rio
48%
Loiano
48%
Minerbio
45%
Pieve di Cento
45%
Monte San Pietro
43%
Castel Guelfo di Bologna
42%
San Giorgio di Piano
42%
Camugnano
41%
Castello d'Argile
41%
Grizzana Morandi
41%
Sala Bolognese
41%
Castel d'Aiano
40%
Castel di Casio
40%
Lizzano in Belvedere
40%
Borgo Tossignano
37%
San Benedetto Val di Sambro
37%
Fontanelice
36%
Galliera
36%
Malalbergo
36%
Gaggio Montano
35%
Mordano
35%
Casalfiumanese
34%
Nessun quiz corrispondente trovato
Distribuzione punteggi
Percentuale di utenti per punteggio
Percentile per numero di risposta
I tuoi punteggi nel tempo
Non hai fatto questo quiz